000 01043naa a22002897a 4500
001 BR7802958
003 BR-BrBNA
005 20240918174101.0
007 ta
008 230509b bl.||||| |||| 00| 0 por d
040 _aBR-BrBNA
_bpor
_cBiblioteca Nacional de Agricultura
041 _a(Pt)
072 _aF30
_b0430
_bG514
090 _aF30 BR7802958
100 1 _aMoreira, J. de A.N.
100 1 _aSilva, N.M.
100 1 _aAlves, J.F.
245 1 _aAbordagem sobre os trabalhos de selecao [algodao moco, progenie, Brasil]
260 3 _aFortaleza, CE (Brasil):
_c1977.
500 _aConvenio SUDENE/UFC. Projeto de pesquisa e experimentacao com a cultura algodoeira Fortaleza, CE (Brasil): 1977. p. 57-68 (BR7802958-AM)F30
650 _aALGODAO MOCO
650 _aPROGENIE
650 _aSELECAO GENETICA
773 0 _tConvenio SUDENE/UFC. Projeto de pesquisa e experimentacao com a cultura algodoeira
_b
_wF30 BR7802958
_gFortaleza, CE (Brasil), 1977. p. 57-68
909 _a202404
_bLucia
_c55
_dLucia Elande
942 _cAM
_2AGRIS
999 _c308808
_d308808